000
00407nam a22001577a 4500
003
MPLRDC
005
20220104142823.0
008
210129b ||||| |||| 00| 0 eng d
082
_a
051.5232 FJ-2
100
_a
逢甲大学编
245
_a
逢甲大学创校卅周年的回顾
_c
260
_a
_b
逢甲大学编
_c
1991
300
_b
平
650
_a
学术纪要、学刊
942
_c
BK
_o
051.5232 FJ-2
999
_c
33970
_d
33960